<?xml version="1.0" encoding="UTF-8"?>
<record
    xmlns:xsi="http://www.w3.org/2001/XMLSchema-instance"
    xsi:schemaLocation="http://www.loc.gov/MARC21/slim http://www.loc.gov/standards/marcxml/schema/MARC21slim.xsd"
    xmlns="http://www.loc.gov/MARC21/slim">

  <leader>00981nam0a2200253   4500</leader>
  <controlfield tag="001">RU\NLR\BIBL_A\012600128</controlfield>
  <controlfield tag="005">20250624082542.0</controlfield>
  <datafield tag="035" ind1=" " ind2=" ">
    <subfield code="a">(NLR Aleph) 012600128</subfield>
  </datafield>
  <datafield tag="090" ind1=" " ind2=" ">
    <subfield code="a">13305411</subfield>
    <subfield code="c">13305411</subfield>
  </datafield>
  <datafield tag="100" ind1=" " ind2=" ">
    <subfield code="a">20210922d1969    |||y0rusy50      ca</subfield>
  </datafield>
  <datafield tag="101" ind1="0" ind2=" ">
    <subfield code="a">kur</subfield>
  </datafield>
  <datafield tag="102" ind1=" " ind2=" ">
    <subfield code="a">AM</subfield>
  </datafield>
  <datafield tag="105" ind1=" " ind2=" ">
    <subfield code="a">a   z   000 y</subfield>
  </datafield>
  <datafield tag="200" ind1="1" ind2=" ">
    <subfield code="a">&#x417;&#x44C;&#x43C;&#x430;&#x43D;&#x435; &#x41A;&#x5D9;&#x4EB;&#x440;&#x434;&#x438;</subfield>
    <subfield code="e">&#x43A;&#x5D9;&#x44C;&#x442;&#x435;&#x431;&#x430; &#x434;&#x4D9;&#x440;&#x441;&#x430; &#x431;&#x43E;&#x43D;&#x430; &#x434;&#x4D9;&#x440;&#x441;&#x430; &#x431;&#x43E;&#x43D;&#x430; &#x434;&#x4D9;&#x440;&#x441;&#x445;&#x430;&#x43D;&#x430; IV-VIII</subfield>
    <subfield code="f">&#x41E;&#x440;&#x434;&#x438;&#x445;&#x430;&#x43D;&#x435; &#x429;&#x4D9;&#x43B;&#x438;&#x43B;</subfield>
    <subfield code="g">&#x416;&#x44C; &#x430;&#x43B;&#x438;&#x435; &#x41C;&#x438;&#x43D;&#x438;&#x441;&#x442;&#x440;&#x438;&#x439;&#x430; &#x420;&#x5D9;&#x421;&#x421; &#x4D8;&#x440;&#x43C;&#x4D9;&#x43D;&#x438;&#x441;&#x442;&#x430;&#x43D;&#x435;&#x439;&#x4D9; &#x440;&#x2BE;&#x43E;&#x43D;&#x43A;&#x430;&#x439;&#x435; &#x4BB;&#x430;&#x442;&#x439;&#x4D9; &#x442;&#x2BE;&#x4D9;&#x441;&#x442;q&#x43A;&#x44C;&#x440;&#x44C;&#x43D;&#x435;</subfield>
  </datafield>
  <datafield tag="210" ind1=" " ind2=" ">
    <subfield code="a">&#x415;&#x440;&#x435;&#x432;&#x430;&#x43D;</subfield>
    <subfield code="d">1969</subfield>
  </datafield>
  <datafield tag="215" ind1=" " ind2=" ">
    <subfield code="a">177,[2]&#x441;.</subfield>
    <subfield code="d">22</subfield>
  </datafield>
  <datafield tag="541" ind1="1" ind2=" ">
    <subfield code="6">z01790</subfield>
    <subfield code="a">&#x41A;&#x443;&#x440;&#x434;&#x441;&#x43A;&#x438;&#x439; &#x44F;&#x437;&#x44B;&#x43A; &#x443;&#x447;&#x435;&#x431;&#x43D;&#x438;&#x43A; &#x434;&#x43B;&#x44F; V-IV &#x43A;&#x43B;&#x430;&#x441;&#x441;&#x430;</subfield>
    <subfield code="z">rus</subfield>
  </datafield>
  <datafield tag="686" ind1="1" ind2=" ">
    <subfield code="a">&#x428;141.2-96(2=&#x41A;&#x443;&#x440;&#x434;.)</subfield>
  </datafield>
  <datafield tag="700" ind1=" " ind2="1">
    <subfield code="a">&#x429;&#x4D9;&#x43B;&#x438;&#x43B;</subfield>
    <subfield code="b">&#x41E;.</subfield>
    <subfield code="g">&#x41E;&#x440;&#x434;&#x438;&#x445;&#x430;&#x43D;&#x435;</subfield>
    <subfield code="4">070</subfield>
  </datafield>
  <datafield tag="790" ind1=" " ind2="1">
    <subfield code="6">z01541</subfield>
    <subfield code="a">&#x414;&#x436;&#x430;&#x43B;&#x438;&#x43B;</subfield>
    <subfield code="b">&#x41E;.</subfield>
    <subfield code="f">1932-</subfield>
    <subfield code="g">&#x41E;&#x440;&#x434;&#x438;&#x445;&#x430;&#x43D;&#x435;</subfield>
    <subfield code="4">070</subfield>
  </datafield>
  <datafield tag="852" ind1=" " ind2=" ">
    <subfield code="a">NLR</subfield>
    <subfield code="b">&#x41E;&#x41D;&#x41B;</subfield>
  </datafield>
  <datafield tag="942" ind1=" " ind2=" ">
    <subfield code="c">BOOK</subfield>
  </datafield>
  <datafield tag="980" ind1=" " ind2=" ">
    <subfield code="a">NB</subfield>
  </datafield>
</record>
